000
00264nam a22001337a 4500
003
SGT
082
_a
658
_b
T88P
100
_a
PSINI, WALTER
245
_a
TOURIST HEALTH
260
_a
EUROPE
_c
1988
300
_a
273
650
_a
HOTEL MANAGEMENT
942
_2
ddc
_c
BK
999
_c
12998
_d
12998